Christian Music 2 - Statistics

General Stats
  • This quiz has been taken 41 times
  • The average score is 10 of 20
Answer Stats
Song Answer % Correct
Oceans Hillsong
89%
God Only Knows For King and Country
86%
Love Broke Through Toby Mac
84%
My Jesus Anne Wilson
70%
Build a Boat Colton Dixon
68%
Same God Elevation Worship
65%
Joy in the Morning Tauren Wells
62%
Less Like Me Zach Williams
62%
Yes He Can Cain
57%
Trust in You Lauren Daigle
57%
Brighter Days Blessing Offer
54%
Promises Maverick City Music
54%
Getting Started Jeremy Camp
49%
Father's House Cory Asbury
46%
New Creation Mac Powell
41%
Thank You Jesus For the Blood Charity Gayle
38%
No Chains KB
19%
Christ is Risen Matt Maher
11%
Beautiful Life Trip Lee
5%
Set My Heart Vertical Worship
5%
No matching quizzes found
Score Distribution
Percent of People with Each Score
Percentile by Number Answered
Your Score History
You have not taken this quiz